[Event "EU-chT (Men) 14th"]
[Site "Plovdiv"]
[Date "2003.10.18"]
[Round "7.2"]
[White "Hector, Jonny"]
[Black "Lutz, Christopher"]
[Result "1-0"]
[WhiteElo "2515"]
[BlackElo "2613"]
[Annotator "Ribli,Z"]
[PlyCount "107"]
[EventDate "2003.10.10"]
[EventType "team-swiss"]
[EventRounds "9"]
[EventCountry "BUL"]
[SourceTitle "CBM 098"]
[Source "ChessBase"]
[SourceDate "2004.02.03"]
[SourceVersion "1"]
[SourceVersionDate "2004.02.03"]
[SourceQuality "1"]
[WhiteTeam "Sweden"]
[BlackTeam "Germany"]
[WhiteTeamCountry "SWE"]
[BlackTeamCountry "GER"]

1. e4 c5 2. Nf3 e6 3. d4 cxd4 4. Nxd4 Nc6 5. Nc3 Qc7 6. Be3 a6 7. Bd3 {Diese
Variante ist ebenso populär, wie das System mit 7.Qd2 und 8.0-0-0. Nach dem
Textzug möchte Weiß kurz rochieren und möglicherweise mit f2-f4 angreifen.} Nf6
8. O-O Nxd4 {Dieser Springertausch wird selten gespielt - die Alternativen
sind: 8...b6, 8...h5, 8...Bd6 und hauptsächlich 8...Ne5.} 9. Bxd4 Bc5 10. Bxc5
{Dieser Läufertausch führt zu ruhigem Spiel mit weißem Entwicklungsvorteil.} (
10. Bxf6 gxf6 11. Qg4 Kf8 12. Kh1 h5 $13) 10... Qxc5 11. Na4 {Der Springerzug 
(was nach meiner Meinung die beste Moeglichkeit für Weiß ist) bedeutet, dass
Weiß statt f2-f4 am Damenflügel spielen und im Folgenden mit c2-c4 Raum
gewinnen möchte.} (11. Kh1 b5 12. Qd2 (12. Qe1 Bb7 13. f3 d6 $11) 12... Bb7 13.
Rae1 O-O 14. f4 e5 15. fxe5 Ng4 16. Nd5 Nxe5 $11) 11... Qc7 12. c4 d6 (12... b6
13. e5 $5 (13. Qe2 Bb7 14. Rac1 d6 15. Qe3 Nd7 16. Rfd1 O-O 17. Bf1 Rfd8 18.
Qd4 Qc6 19. Nc3 $14) 13... Qxe5 14. Nxb6 Rb8 15. Nxc8 Rxc8 16. b4 $14) 13. Qb3
{Interessante Idee und ich bin sicher, dass dies eine zu Hause vorbereitete
Neuerung des schwedischen Großmeisters ist. Weiß möchte 14.Nb6 spielen, mit
weiterem Raumvorteil.} (13. Rc1 O-O (13... Bd7 14. c5 O-O 15. cxd6 Qxd6 16. Nc5
Bc6 17. Qe2 Nd7 18. Nxd7 {1/2-1/2 Baklan,V-Savchenko,S/Ohrid 2001/CBM 84 (18)})
14. Qe2 Bd7 15. Nc3 Rac8 (15... Qc5 16. Kh1 e5 17. Rfd1 Rac8 18. b3 Rfd8 19.
Qb2 Qa7 20. Kg1 a5 21. Rd2 Bc6 22. Rcd1 b6 23. Bc2 Ne8 {1/2-1/2 Fressinet,
L-Kritz,L/Zug 2001/CBM 86 (32)}) 16. Rfe1 Qc5 17. e5 Qxe5 18. Qxe5 dxe5 19.
Rxe5 Rfd8 {1/2-1/2 Bauer,C-Lautier,J/Clichy 2001/CBM 85 (19)}) (13. f4 O-O 14.
Nc3 Bd7 15. Qe2 Bc6 16. Kh1 b6 17. Rf3 g6 18. Rh3 Rae8 19. Qd2 Qb7 20. Rf1 b5
21. cxb5 axb5 22. b4 d5 {0-1 Watson,W-Huebner,R/Germany 1998/GER-chT (35)})
13... Bd7 $1 {Schwarz beschaeftigt sich nicht mit der positionelle Drohung 14.
Nb6, er befreit seinen Turm.} (13... Nd7 14. Rad1 O-O 15. Bb1 Rb8 16. Qb4 b5 (
16... Nc5 17. Qb6 $16) 17. cxb5 axb5 18. Nc3 Qc5 19. a3 Qxb4 20. axb4 Rb6 21.
Bd3 (21. Rd2 Ne5 $11) 21... Ba6 22. f4 $14) 14. Nb6 Rd8 15. Rac1 (15. Nxd7 Nxd7
$11) 15... O-O 16. Qb4 Qc5 {[%mdl 256] Mit diesem Damenzug neutralisiert
Schwarz die weiße Initiative am Damenflügel.} (16... Bc6 $2 17. Nd5 $1 $14 {
[%cal Gc1c7]}) 17. Qxc5 dxc5 $11 {[%csl Yd4] Die Bauernstellung ist
symmetrisch und das d4-Feld ist erschwächt. Schwarz hat eine bequeme Stellung.}
18. e5 Bc6 (18... Ng4 19. Rfe1 Bc6 20. Rcd1 {Auf diese Weise haben wir mit der
Zugumstellung unsere Partiefortsetzung.}) 19. Rcd1 Ng4 $5 {Schwarz ist nicht
zufrieden mit den Vereinfachungen. Statt der Partiefortsetzung könnte er mit
19...Nd7 das Remis sichern.} (19... Nd7 20. Nxd7 Rxd7 21. Bc2 Rfd8 22. Rxd7
Rxd7 23. Rd1 $11) 20. Rfe1 Rd4 $15 {[%csl Rb6,Gc6,Gg4][%cal Rf8d8,Rd8d1]
Schwarz hat aktives Figurenspiel, weil Weiß Schwierigkeiten mit seiner
Figurenkoordination hat. Besonders der b6N steht unglücklich.} 21. Bc2 Rfd8 22.
Rxd4 Rxd4 {[%cal Rd4d2,Rd2a2,Rd2h2]} 23. Re2 {Weiß muss seine zweite Reihe
verteidigen.} (23. f3 Rd2 24. Ba4 Rxb2 (24... Nf2 $5 $15 {[%cal Gf2d3]}) 25.
Bxc6 Rxb6 26. Rd1 g5 $17) 23... h5 $6 (23... f6 $1 24. exf6 gxf6 25. b3 (25.
Rxe6 Rd2 $17) 25... Ne5 $15) 24. f3 Nh6 25. Kf2 $11 {[%csl Rh6][%cal Gf2e3]
Weiß kann seinen König zentralisieren, weil der h6N unglücklich steht.} Kf8 26.
Ke3 Ke7 $2 {Mit dem schablonenhaften Königszug übersieht Schwarz die
gegnerische Drohung.} (26... a5 27. a3 Rd8 $11) (26... Rd8 $11) 27. b4 $1 {
[%csl Rd4] Wegen der unglücklichen Platzierung des d4-Turms verliert Schwarz
einen (wichtigen) Bauern und der halbtote b6N ersteht wieder auf.} Nf5+ (27...
f6 28. exf6+ gxf6 29. bxc5 e5 30. Rd2 $16) 28. Bxf5 exf5 29. bxc5 $16 {[%mdl
4096]} Rd1 30. Kf4 {[%csl Gf4] Der weiße König steht sehr aktiv und möchte am
Königsflügel eindringen.} Ke6 31. Kg5 g6 32. h4 $1 a5 {Weiß möchte die
Königsstellung festigen.} 33. a4 Rd4 (33... Rd3 $5) 34. Re3 Rd2 35. g3 Rd4 36.
f4 Rd8 37. Kh6 {[%csl Gh6][%cal Gh6g7]} Rd4 38. Kg7 Be8 39. Nd5 (39. Rb3 Bc6
40. Nc8 $16 {[%cal Gc8d6,Gd6f7]}) 39... Bxa4 (39... Rxc4 40. Nc7+ Kd7 (40...
Ke7 41. e6 $18) 41. Kf8 Kxc7 42. Kxe8 Re4 43. Rxe4 fxe4 44. Kxf7 e3 45. e6 e2
46. e7 e1=Q 47. e8=Q $18) 40. Ra3 Bc6 (40... Rxc4 41. Nb6 $18 {[%cal Rb6a4,
Rb6c4]}) 41. Rxa5 Rxc4 (41... Bxd5 42. cxd5+ Rxd5 (42... Kxd5 43. Kxf7 $18) 43.
Ra8 $18) 42. Nf6 {Nach Vereinfachungen tauschte Weiß seinen Materialsvorteil
gegen einen (deutlichen) Positionsvorteil ein. Weiß hat überlegenes Spiel auf
den schwarzen Feldern.} Rc3 43. Ra8 {[%csl Rf7][%cal Ra8d8,Rd8d6,Rd8f8,Rf8f7]}
Rxg3 44. Rd8 Rf3 (44... Ke7 45. Rf8 $16) 45. Rd4 Be4 $2 (45... Rf2 46. Ng8 Bd5
47. Nh6 $16) 46. Kf8 $18 {[%cal Rd4d6,Rd6e6] Dieser Zug gewinnt auch, aber
schneller wäre 46.Rd6+.} (46. Rd6+ $1 Ke7 47. Rd7+ (47. e6 Rxf4 (47... fxe6 48.
Rd7#) 48. Ng8+ Ke8 49. exf7#) 47... Ke6 48. Kf8 $18 {[%cal Rd7e7,Re7e6]}) 46...
Rd3 47. Rd6+ Rxd6 48. cxd6 {[%csl Gd6][%cal Rd6d7,Rd7d8]} Bc6 49. d7 Bxd7 50.
Nxd7 g5 (50... Kxd7 51. Kxf7 $18 {[%cal Re5e6]}) 51. Nc5+ (51. hxg5 h4 52. Ke8
h3 53. Nf8+ Kd5 54. Kxf7 h2 55. e6 h1=Q 56. e7 $18) 51... Kd5 52. fxg5 Kxc5 53.
g6 (53. e6 $18) 53... fxg6 54. e6 1-0

[Event "EU-chT (Men) 13th"]
[Site "Leon"]
[Date "2001.11.09"]
[Round "4.2"]
[White "Vallejo Pons, Francisco"]
[Black "Miladinovic, Igor"]
[Result "1-0"]
[WhiteElo "2630"]
[BlackElo "2495"]
[Annotator "Ribli,Z"]
[PlyCount "85"]
[EventDate "2001.11.06"]
[EventType "team-swiss"]
[EventRounds "9"]
[EventCountry "ESP"]
[SourceTitle "CBM 086"]
[Source "ChessBase"]
[SourceDate "2002.02.05"]
[SourceVersion "1"]
[SourceVersionDate "2002.02.05"]
[SourceQuality "1"]
[WhiteTeam "Spain"]
[BlackTeam "Greece"]
[WhiteTeamCountry "ESP"]
[BlackTeamCountry "GRE"]

1. e4 c5 2. Nf3 Nc6 3. d4 cxd4 4. Nxd4 Qc7 5. Nc3 e6 6. Be3 a6 7. Qd2 {Dieser
Aufbau ist in letzter Zeit populär - der weiße Plan ist klar - er möchte nach
langer Rochade und f3 - g4 schnell angreifen. Ich möchte hier darauf hinweisen,
dass diese System (Be3, Qd2, 0-0-0) in der Taimanov - Paulsen Variante weniger
gefährlich sind, weil Schwarz in einem Zug d7 - d5 spielen kann und sein Bf8
über verschiedene Entwicklungsoptionen verfügt.} Nf6 8. O-O-O Bb4 {Damit
provoziert Schwarz den Zug f2 - f3, denn es hängt der Pe4.} (8... b5 9. Bf4 $5
{Dieses Motiv sehen wir auch noch in unserer Partie.} (9. Nxc6) (9. f3) 9...
Ne5 (9... Qb6 10. e5 Qxd4 11. Qxd4 Nxd4 12. Rxd4 b4 13. Na4 (13. exf6 bxc3 14.
fxg7 Bxg7 $13) 13... Nd5 $13) 10. Nf3 Nfg4 11. Bg3 d6 12. Nxe5 (12. h3 Nxf3 13.
gxf3 Ne5 14. f4 Nc4 15. Bxc4 Qxc4 16. Qd4 Qxd4 17. Rxd4 g6 $11) 12... Nxe5 (
12... dxe5 $2 13. h3 b4 14. Ne2 Nf6 15. Bxe5 $18) 13. f4 Nc4 14. Bxc4 Qxc4 $13
{Weiß hat enormen Entwicklungsvorsprung, aber Schwarz bekommt auch seine
Chancen am Damenflügel.}) 9. f3 b5 {Dieser Zug sieht logisch aus, aber der
Springerzug (9...Ne5) zuerst scheint mir noch logischer.} (9... Ne5 $5 10. Nb3
b5 11. Bd4 Bb7 (11... Nc6 12. Bxf6 (12. Bf2 O-O 13. Bg3 e5 14. a3 Bxc3 15. Qxc3
d6 16. Na5 Bd7 17. Nxc6 Bxc6 18. Bh4 Rac8 19. Bxf6 gxf6 20. g3 {1/2-1/2
Morozevich,A-Kobalija,M/St Petersburg 1998/CBM 67 (49)}) 12... gxf6 13. a3 Bf8
14. f4 Rb8 15. Qe3 Na5 16. Nxa5 Qxa5 17. Na2 b4 18. Nxb4 Bxb4 19. axb4 Qa1+ 20.
Kd2 Qxb2 21. Qc3 Qxb4 {1/2-1/2 Rausis,I-Buhr,C/Hamburg GER 2001/(35)}) (11...
Be7 12. Qf2 (12. Kb1 d6 13. Qf2 Rb8 14. g4 h6 15. h4 Nc4 16. Bxc4 bxc4 17. Nd2
e5 18. Ba7 Rb7 19. g5 Nh5 20. Nd5 Qc6 21. Nf1 {1/2-1/2 Morozevich,A-Anand,V/
Dortmund GER 2001 (38)}) 12... d6 13. g4 O-O 14. Rg1 Nfd7 15. f4 Nc4 16. g5 b4
17. Bxc4 Qxc4 18. f5 bxc3 19. f6 Bd8 20. fxg7 Re8 {0-1 Motylev,A-Alekseev,E/
Tomsk RUS 2001/(28)}) 12. Qe3 (12. Kb1 Be7 13. Na5 d6 14. Ne2 {1/2-1/2
Ivanchuk,V-Ljubojevic,L/Belgrade 1995/CBM 51 (14)}) 12... Rc8 13. Be2 Ng6 14.
Kb1 e5 15. Bb6 Qb8 16. g4 d5 {1/2-1/2 Zontakh,A-Perunovic,M/Lazarevac 1999/CBM
73 ext (53)}) 10. Bf4 $5 {[%mdl 4]} (10. Kb1 Bb7 11. Nxc6 Qxc6 12. Bd4 Be7 13.
Bd3 d6 14. e5 dxe5 15. Bxe5 O-O 16. Qg5 Qc5 17. Ne4 Bxe4 18. Bxe4 h6 19. Qg3
Rad8 {1/2-1/2 Todorovic,G-Spassov,L/Budapest HUN 2001/(45)}) (10. Nxc6 dxc6 11.
Kb1 Be7 12. g4 e5 13. Qf2 Be6 14. Bg2 Rb8 15. Ne2 Nd7 16. g5 Qa5 {0-1 Kapnisis,
S-Miladinovic,I/Ano Liosia GRE 2001/(40)}) 10... Ne5 {[%mdl 8]} (10... e5 11.
Nxc6 Bxc3 12. Qxc3 exf4 13. Qe5+ Qxe5 14. Nxe5 $14) (10... Bxc3 11. Bxc7 (11.
bxc3 e5 12. Nxc6 dxc6 $2 (12... exf4 13. Nd4 O-O 14. Ne2 Bb7 $13) 13. Bxe5 $16)
11... Bxd2+ 12. Rxd2 $14) (10... Qb6 $5) {[#]} 11. Nc6 $1 {Ein schöner Zug -
das ist die eigentliche Pointe von 10.Bf4.} (11. Bxe5 Qxe5 12. Nc6 Qc5 $2 (
12... Bxc3 13. Nxe5 Bxd2+ 14. Rxd2 Bb7 $11) 13. Nxb4 Qxb4 14. e5 $16) 11...
Nd3+ (11... dxc6 12. Bxe5 Qe7 (12... Qxe5 $4 13. Qd8#) 13. a3 Ba5 (13... Bc5
14. Qg5 $16 {[%cal Gg5c5]}) 14. Bd6 $16) (11... Qxc6 12. Bxe5 $36) (11... Bxc3
12. bxc3 $1 (12. Qxc3 Nd3+ 13. Qxd3 (13. Bxd3 Qxf4+ 14. Kb1 Qc7 15. Nd4 Qxc3
16. bxc3 $15) 13... Qxf4+ 14. Kb1 Qc7 15. Nd4 Bb7 $11) 12... Qxc6 (12... Nxf3
13. Bxc7 Nxd2 14. Rxd2 Nxe4 (14... dxc6 15. Rd8+ $18) 15. Rd4 (15. Na5 Nxd2 16.
Kxd2 d5 $13) 15... Nxc3 16. Ba5 Nd5 17. Rxd5 $1 exd5 18. Bxb5 O-O (18... axb5
19. Re1+ Kf8 20. Bb4+ $18) 19. Ne7+ $16) (12... dxc6 $4 13. Bxe5 $18) 13. Bxe5
O-O 14. Bd6 $36 (14. Qg5 $6 Ne8 $15)) 12. cxd3 (12. Bxd3 Qxc6 $11) 12... Qxc6
13. Kb1 {[%cal Gd1c1,Gc1c6] Weiß hat ein sehr starkes Zentrum aufgebaut. Nun
kann er anschließend mit 14.Rc1 die Herrschaft über die c - Linie gewinnen.}
O-O (13... Bb7 14. Rc1 Rc8 15. d4 $14) 14. Rc1 Qb7 (14... Qb6 $5 {Dieser Zug
ist viel natürlicher als die Parteifortsetzung}) 15. Qf2 (15. d4 d5 16. e5 $14)
15... Be7 16. d4 $14 {[%csl Gd4,Ge4] Weiß hat ein sehr starkes Zentrum,
Schwarz hingegen sieht sich vor Problemen bei der Koordination seiner Figuren.}
b4 (16... d5 17. e5 $14 (17. Bd3 dxe4 18. fxe4 b4 19. Na4 Nxe4 20. Qe2 Nf6 (
20... Nd6 21. Bxd6 Bxd6 22. Be4 Qb5 23. Qxb5 axb5 24. Bxa8 bxa4 $14) 21. Rc7
Qb8 22. Be5)) 17. Nd1 {[%cal Gd1e3,Ge3c4]} (17. Na4 $6 d6 $13 {[%csl Ra4][%cal
Gc8d7,Gd7a4]}) 17... d6 (17... d5 18. Rc7 Qb8 19. Be5 $18 {[%csl Rb8][%cal
Re5b8]}) 18. Ne3 Nh5 {Schwarz greift den Läufer an und verhindert damit g2 -
g4.} (18... Bd7 19. g4 $14) 19. Bg3 Bd7 (19... Nxg3 20. hxg3 $40 {[%cal Gh1h7]}
) 20. Bh4 Bb5 (20... Nf6 $5 21. Bd3 (21. e5 Ne4 22. Qe1 Bxh4 23. Qxh4 Nd2+ 24.
Ka1 Nxf1 25. Rhxf1 Bb5 $13) 21... Bb5 22. Bc2 Rfc8 $11) 21. Bxe7 Qxe7 22. Qd2
Qb7 (22... Bxf1 23. Rhxf1 a5 24. Rc6 $14 {[%csl Gc6]}) 23. Bxb5 Qxb5 24. d5 $1
{Es droht 25.dxe6 fxe6 26.Qxd6 und das Eindringen des Tumrs bzw.
Turmverdopplung auf der c - Linie.} Rfd8 25. Rc4 a5 26. Rhc1 {[%cal Gc1c8]
Weiß macht spürbar Druck am Damenflügel. Der schwarze Nh5 befindet sich weitab
vom eigentlichen Geschehen.} Nf6 27. Rc7 $5 h6 (27... exd5 28. Nf5 $40 dxe4 29.
Qg5 Qd3+ 30. Ka1 Ne8 31. Nh6+ Kh8 32. Rxf7 $18) 28. dxe6 fxe6 29. Nc2 $1 {
[%cal Gc2d4] Der starke weiße Springer strebt nach d4.} Ne8 (29... e5 30. Ne3
$16 {[%cal Ge3f5]}) 30. Nd4 $16 Qe5 31. Rb7 (31. Nc6 $18 {[%cal Rc6d8,Rc6e5]})
31... Qxh2 (31... Rac8 32. Nc6 $18) 32. Nc6 {[%csl Rd8] Nach diesem Zug muss
Schwarz die Qualität geben.} d5 33. Nxd8 Rxd8 34. exd5 Qh5 (34... Rxd5 35. Qe3
$16) 35. g4 (35. Rb5 $18) 35... Qh4 (35... Qxd5 36. Qxd5 exd5 37. Ra7 $18) 36.
Rb5 Qf6 37. Rxa5 $18 {Weiß hat klaren Materialvorteil.} Qxf3 38. Qxb4 exd5 39.
Qe7 Qd3+ 40. Ka1 Qd2 41. Rac5 Rb8 42. Qe5 Rd8 43. a3 1-0

[Event "EU-chT (Men) 13th"]
[Site "Leon"]
[Date "2001.11.14"]
[Round "8.2"]
[White "Short, Nigel D"]
[Black "Miladinovic, Igor"]
[Result "1-0"]
[WhiteElo "2675"]
[BlackElo "2495"]
[Annotator "Ribli,Z"]
[PlyCount "55"]
[EventDate "2001.11.06"]
[EventType "team-swiss"]
[EventRounds "9"]
[EventCountry "ESP"]
[SourceTitle "CBM 086"]
[Source "ChessBase"]
[SourceDate "2002.02.05"]
[SourceVersion "1"]
[SourceVersionDate "2002.02.05"]
[SourceQuality "1"]
[WhiteTeam "England"]
[BlackTeam "Greece"]
[WhiteTeamCountry "ENG"]
[BlackTeamCountry "GRE"]

1. e4 c5 2. Nf3 Nc6 3. d4 cxd4 4. Nxd4 Qc7 5. Nc3 e6 6. Be3 a6 7. Bd3 {Es ist
keine Überraschung, dass der englische GM diese Variante wählt, in der Weiß
bekanntermaßen gute Angriffschancen bekommt.} Nf6 8. O-O h5 {Das ist die
Lieblingsvariante von GM Miladinovic - aber es gibt hier so viele
Möglichkeiten: 8...b5, 8...Nxd4, 8...Ne5, 8...Bb4, 8...Bd6 und 8...d6. Die
Idee des Textzuges ist, dass Weiß aufgrund der Drohung 9...Ng4 9.h3 spielen
und damit seine Königsstellung schwächen muss.} 9. h3 b5 10. Qe2 (10. Nb3 Ne5 (
10... h4 11. f4 Bb7 12. a3 d6 13. Qe1 Be7 14. Rd1 Rc8 15. Qf2 Nd7 16. e5 dxe5
17. f5 $36 {1/2-1/2 Ponomariov,R-Ye Jiangchuan/Shenyang 2000/CBM 79 (49)}) 11.
f4 Nc4 12. Bd4 Nxb2 13. Nxb5 axb5 14. Bxb2 Bb7 {1/2-1/2 Efimenko,Z-Miladinovic,
I/Ohrid 2001/CBM 84/[Ribli] (32)}) (10. Nxc6 Qxc6 11. a3 Bb7 12. Re1 h4 13. Qf3
Be7 14. Bd4 Kf8 15. b4 Qc7 16. Nb1 Nh5 17. Nd2 Bf6 18. c3 Nf4 {1/2-1/2
Kotronias,V-Miladinovic,I/Poros 1998/EXT 99 (36)}) 10... Bb7 11. Rfe1 $146 {
[%mdl 4]} (11. Nb3 Ne5 12. f4 Nc4 13. Bd4 Nxb2 $5 (13... h4 14. a4 $1 Nxb2 15.
axb5 Nxd3 16. cxd3 axb5 17. Nxb5 Qd8 18. Qe3 Rxa1 19. Rxa1 Be7 20. Bb6 $16 {
0-1 Hector,J-Miladinovic,I/Malmo 1998/CBM 66/[Ribli] (41)}) (13... Be7 14. e5
Nd5 15. Ne4 f5 16. Nec5 Bc6 17. a4 {1-0 Neiksans,A-Stamenkov,V/Panormo GRE
2001/(41)}) 14. e5 Nxd3 15. exf6 Nxf4 16. Rxf4 Qxf4 17. fxg7 Bxg7 18. Bxg7 Rg8
$36) 11... Be7 (11... Ne5 12. Rad1 Nxd3 (12... Nc4 13. Bc1 $14) 13. cxd3 $14) (
11... b4 12. Na4 Nxd4 13. Bxd4 e5 14. Bb6 (14. Be3 $14) 14... Qc6 15. b3 $14) (
11... Bb4 $5) 12. a3 {Mit diesem Zug sichert Weiß seinen Nc3. Weiß muss in
dieser Stellung wirklich nicht eilen, denn der gegnerische König steht nicht
gut in der Mitte, und aufgrund von 8...h5 kann er auch kaum mehr kurz
rochieren. Die lange Rochade sieht allerdings noch schlechter aus.} Rc8 13.
Rad1 {Weiß folgt einem einfachen Plan - er mobilisiert seine Figuren, um in
einem günstigen Augenblick und nach entsprechender Vorbereitung f2 - f4
ausuzführen.} Kf8 (13... Ne5 14. f4 Nxd3 (14... Nc4 15. Bc1 (15. Bxc4 Qxc4 $11)
(15. Ndxb5 axb5 16. Nxb5 Qc6 17. Na7 Qc7 18. Bxc4 Qxc4 19. Nxc8 Qxc8 $13) 15...
Qb6 16. Qf2 Bc5 17. Bxc4 bxc4 18. e5 $14) 15. cxd3 $14) 14. Nxc6 Qxc6 15. f3
$14 {Weiß muss mit f2-f4 nicht eilen, denn sein Gegner verfügt über kein
Gegenspiel. Der Textzug bereitet die Drohung 16.e5 vor und wehrt Mattdrohungen
auf g2 ab.} (15. f4 Bc5 $132) 15... Bd6 (15... Bc5 16. e5 Bxe3+ 17. Qxe3 $16)
16. Qf2 Qc7 {[%cal Gc7h2] Schwarz möchte die Schwächung der Diagonale h2 - b8
ausnutzen.} 17. f4 {Nun spielt Weiß diesen typischen Zug. Es droht sofort 18.
e5 mit Gewinn.} Bc5 (17... Bxa3 {Dieser Zug wird oft gespielt - vorrangig in
Kaffeehäusern - aber vielleicht ist das gar nicht so schlecht. Aber auch in
diesem Fall bekommt Schwarz große positionelle Schwierigkeiten.} 18. e5 (18.
bxa3 Qxc3 $13) 18... Ne8 19. Nxb5 axb5 20. bxa3 $16) 18. e5 Ne8 $6 {Dieser Zug
ist sehr passiv und gefällt mir nicht.} (18... Nd5 19. Nxd5 (19. Bxc5+ Qxc5 20.
Qxc5+ Rxc5 21. Ne4 (21. Nxd5 Bxd5 22. Be4 Bxe4 23. Rxe4 Rxc2 24. Rxd7 $11)
21... Rc7 22. g3 h4) 19... Bxd5 20. f5 $36) 19. Be4 $1 {[%mdl 32] Weiß möchte
die beste Figur des Gegners abtauschen und spielt auf positionellen Druck auf
der d - Linie.} (19. Bxc5+ Qxc5 20. Qxc5+ Rxc5 21. Be4 (21. Ne4 Bxe4 22. Bxe4
Ke7 $11) 21... Bxe4 22. Rxe4 Ke7 23. Red4 Rc7 24. Rd6 $5 Ra7 25. Rb6 $14) 19...
Bxe3 (19... d5 20. exd6 (20. Bxc5+ Qxc5 21. Qxc5+ Rxc5 22. Bd3 Ke7 $11) 20...
Bxd6 (20... Bxe3 21. Qxe3 Nxd6 22. Rxd6 $18) 21. Bxb7 Qxb7 22. f5 $40) 20. Rxe3
$16 Bxe4 (20... d5 $2 21. exd6 Nxd6 22. Rxd6 $18) 21. Nxe4 Qxc2 {Dieser Zug
hilft nicht, aber Schwarz hat schon keine Verteidigung gegen 22.Red3 mehr.} 22.
Rxd7 Rh6 (22... Qxf2+ 23. Kxf2 Rc2+ 24. Kf3 $16 Rxb2 $6 25. Ng5 $18) 23. Ng5
$18 {[%csl Rf7] Das Erscheinen des Springers auf g5 entscheidet die Partie.}
Qxf2+ 24. Kxf2 f6 (24... Rc7 25. Red3 $18) 25. exf6 gxf6 26. Nxe6+ Kg8 27. Nd8
(27. Rg3+ Kh8 28. Nf8 $18) 27... Ng7 28. Rg3 1-0

[Event "Osasco Franca Garcia Memorial 20th"]
[Site "Osasco"]
[Date "2004.07.03"]
[Round "4"]
[White "Schneider, Dmitry"]
[Black "Needleman, Alejandro"]
[Result "1/2-1/2"]
[WhiteElo "2454"]
[BlackElo "2420"]
[Annotator "Ribli,Z"]
[PlyCount "57"]
[EventDate "2004.07.01"]
[EventType "tourn"]
[EventRounds "9"]
[EventCountry "BRA"]
[EventCategory "9"]
[SourceTitle "CBM 103"]
[Source "ChessBase"]
[SourceDate "2004.11.11"]
[SourceVersion "1"]
[SourceVersionDate "2004.11.11"]
[SourceQuality "1"]

1. e4 c5 2. Nf3 e6 3. d4 cxd4 4. Nxd4 Nc6 5. Nc3 Qc7 6. Be3 a6 7. Qd2 Nf6 8. f3
{Nach meiner Meinung ist dieser Zug weniger konsequent als 8.0-0-0.} (8. O-O-O
Nxd4 9. Qxd4 Ng4 10. Qb6 Qxb6 (10... Qc6 11. Bd4 e5 12. Be3 Nxe3 13. Qxe3 Bc5
14. Qg5 {[%cal Rg5e5,Rg5g7]} O-O 15. Qxe5 d6 16. Qg3 Be6 17. f4 {1-0 Petrov,
M-Andonov,B/Shumen 1997/CBM 90 (28)}) 11. Bxb6 Bb4 12. f3 Nf6 13. Bd4 d6 14. a3
Bc5 15. Bxc5 dxc5 16. e5 Nd7 17. f4 Ke7 18. Be2 b6 19. Bf3 {1-0 Fier,
A-Needleman,A/Sao Paulo BRA 2004/(46)}) 8... Bb4 {Schwarz spielt eine der
Hauptvarianten. Im Fall von 8...b5 oder 8...Ne5 erreicht Schwarz eine gleiche
Stellung.} (8... Nxd4 9. Bxd4 e5 10. Be3 Bb4 11. O-O-O b5 12. a3 Bxc3 13. Qxc3
Qxc3 14. bxc3 Bb7 15. c4 Bc6 16. Bc5 {1/2-1/2 Rosito,J-Needleman,A/Mendoza
2003 (56)}) (8... b5 9. O-O-O Ne5 $11) (8... Ne5 9. O-O-O b5 $11) 9. O-O-O Nxd4
$146 {[%mdl 4] Eine theoretische Neuerung in dieser gut bekannten Stellung.
Schwarz tauscht die Figuren im Zentrum und möchte das Spiel ausgleichen.} 10.
Qxd4 (10. Bxd4 e5 {Sonst spielt Weiss 11.a3.} 11. Be3 O-O (11... Bxc3 12. Qxc3
Qxc3 13. bxc3 $16 {[%csl Ge3,Gf1][%cal Gd1d6]}) 12. a3 Be7 (12... Ba5 13. Qd6
$16) (12... Bxc3 13. Qxc3 Qxc3 14. bxc3 $14 {[%cal Gd1d6]}) 13. Bg5 $14) 10...
Bxc3 11. bxc3 (11. Qxc3 Qxc3 12. bxc3 d5 13. e5 Nd7 14. f4 b5 $11) 11... O-O (
11... d5 12. exd5 exd5 13. Bg5 $16 (13. Bf4)) 12. Qc5 $14 {[%csl Yb6,Yd6,Ge3,
Gf1] Weiss hat das Läuferpaar und Entwicklungsvorteil, in der schwarzen
Stellung gibt es leichte Felderschwächen.} ({Weiss kann mit} 12. Qd6 {einen
Bauern opfern für einige Kompensation.} Qxc3 13. Bd4 Qc6 (13... Qa5 14. Bc5 Re8
15. Kb2 $44) 14. Bc5 Re8 15. e5 Nd5 16. c4 $44) 12... Qd8 (12... Qxc5 13. Bxc5
$16 {[%csl Gc5]}) 13. c4 {Weiss mobilisiert seinen Doppelbauern und gewinnt
weiteren Raum am Damenflügel.} d5 {Mit diesem Zug möchte sich Schwarz vom
weissen positionellen Druck befreien.} 14. cxd5 (14. Bg5 $1 {[%cal Gd1d8,Gg5d8]
} Nxe4 (14... h6 15. cxd5 hxg5 (15... exd5 16. Rxd5 $18) 16. dxe6 $18 {[%csl
Rd8][%cal Rd1d8]}) 15. Bxd8 Nxc5 16. Be7 $16 {[%cal Re7c5,Re7f8]}) 14... exd5
15. e5 (15. Bg5 Be6 $11 {[%cal Ga8c8,Gc8c1]}) 15... Bf5 $1 {[%mdl 256] Durch
diesen taktischen Zug Schwarz kann die Entwicklung beenden.} 16. Bd3 (16. exf6
$2 Rc8 $17 {[%cal Rc8c1]}) 16... Bxd3 17. Rxd3 Rc8 18. Qb6 (18. Qd4 Nd7 $15 (
18... Qc7)) 18... Qxb6 19. Bxb6 Nd7 {Die forcierten Züge haben zu einer
Stellung geführt, in der der Pd5 schwach ist, aber Schwarz auf der c-Linie
sein Gegenspiel bekommt.} 20. Bd4 Rc6 (20... Rc4) 21. Rhd1 Rfc8 22. R1d2 g5 {
Schwarz schwächt mit dem Textzug seinen Königsflügel, verhindert aber die
Möglichkeit 23.f4 und schafft sich ein Luftloch.} 23. g3 Rc4 24. f4 (24. Bb2
Nb6 25. Rb3 R4c6 (25... R8c6 $2 26. Bd4 $18) 26. h4 $1 h6 27. hxg5 hxg5 28. Rh2
$16) 24... gxf4 25. gxf4 Nc5 26. Bxc5 {Weiss muss den Springer tauschen.} R8xc5
27. f5 (27. Rxd5 Rxd5 (27... Rxc2+ 28. Rxc2 Rxd5 29. Rc7 Rd4 30. f5 Re4 $11)
28. Rxd5 Rxf4 $11) 27... Re4 $11 28. Rxd5 Re1+ (28... Rxe5 $11) 29. Rd1 1/2-1/2